00365nam a22001337a 4500008004100000020001800041082001500059100001800074245004200092260004100134300001500175650001600190650002500206210813b ||||| |||| 00| 0 eng d a9789350143841 a621.4bSHA aSharma, P. C. aA textbook of power plant engineering aNew DelhibS.K. Kataria & Sonsc2019 axii, 694p. aPower plant aNuclear power plants